MARC

LEADER 00000nam0a2200000 4500
001 157523
005 20231101221953.0
010 |a 9780521540704 
035 |a (RuTPU)RU\TPU\book\170865 
035 |a RU\TPU\book\139181 
090 |a 157523 
100 |a 20090409d2006 m y0engy50 ba 
101 0 |a eng 
102 |a GB 
105 |a a j 000zy 
200 1 |a Business Vocabulary in Use. Advanced  |f B. Mascull 
210 |a Cambridge  |c Cambridge University Press  |d 2006 
215 |a 133 p.  |c il. 
606 1 |a Английский язык  |x Учебные руководства и пособия  |x Пособия по развитию речи, разговорники  |2 stltpush  |3 (RuTPU)RU\TPU\subj\29074  |9 52486 
610 1 |a английский язык 
610 1 |a учебные пособия 
610 1 |a лексика 
610 1 |a деловое общение 
610 1 |a экономика 
610 1 |a бизнес 
610 1 |a разговорная речь 
686 |a Ш143.21-923.4  |v LBC/SL-A  |2 rubbk 
700 1 |a Mascull  |b B.  |g Bill 
801 1 |a RU  |b 63413507  |c 20080109  |g PSBO 
801 2 |a RU  |b 63413507  |c 20200528  |g PSBO 
942 |c BK